History Quiz

Random History or Numbers Quiz

1790 U.S. Ancestry Quiz Stats

 Plays Quiz not verified by Sporcle

Challenge
Share
Tweet
Embed
Score 0/12 Timer 05:00
0 Plays Today
Number of People Race or Ethnicity % Correct
1,900,000English
98.6%
280,000German
97.3%
80,000French
97.3%
200,000Irish
92.2%
20,000Spanish
89.7%
100,000Dutch
87.6%
160,000Scottish
85.2%
750,000African
76.3%
20,000Swedish
75.2%
120,000Welsh
72%
50,000Native American
68.5%
320,000Scotch-Irish
27.8%

You're not logged in!

Compare scores with friends on all Sporcle quizzes.
Join for Free
OR
Log In

You Might Also Like...

Show Comments

Extras

Top Quizzes Today


Score Distribution

Your Account Isn't Verified!

In order to create a playlist on Sporcle, you need to verify the email address you used during registration. Go to your Sporcle Settings to finish the process.

Report this User

Report this user for behavior that violates our Community Guidelines.

Details: